Rights of hirer under the Hire Purchase Act, 1967 /
Saved in:
| Main Author: | |
|---|---|
| Format: | Thesis |
| Language: | English |
| Published: |
Gombak, Selangor :
International Islamic University Malaysia,
2000
|
| Subjects: | |
| Online Access: | Click here to view 1st 24 pages of the thesis. Members can view fulltext at the specified PCs in the library. |
| Tags: |
Add Tag
No Tags, Be the first to tag this record!
|
| LEADER | 021790000a22004210004500 | ||
|---|---|---|---|
| 001 | 209537 | ||
| 005 | 20230420105352.0 | ||
| 008 | 021113s2000 my f 000 0 eng d | ||
| 035 | |a (Sirsi) 209537 | ||
| 040 | |a UIAM |b eng | ||
| 041 | 0 | |a eng | |
| 043 | |a a-my--- | ||
| 050 | 0 | 0 | |a KPG905.A291967 |
| 100 | 1 | |a Azita Yonus@Ahmad |9 114882 | |
| 245 | 1 | 0 | |a Rights of hirer under the Hire Purchase Act, 1967 / |c by Azita Yonus @ Ahmad |
| 260 | |a Gombak, Selangor : |b International Islamic University Malaysia, |c 2000 | ||
| 300 | |a xvi, 105 leaves ; |c 29 cm. | ||
| 336 | |2 rdacontent | ||
| 337 | |2 rdamedia | ||
| 338 | |2 rdacarrier | ||
| 500 | |a Abstract in English and Arabic. | ||
| 502 | |a "A dissertation submitted in partial fulfilment of the requirement for the degree of Master of Comparative laws."--On t.p | ||
| 502 | |a Thesis (M.C.L.)--International Islamic University Malaysia, 2000 | ||
| 504 | |a Includes bibliographical references (leaves 87-88). | ||
| 530 | |a Also available on 4 3/4 in. computer optical disc. | ||
| 630 | 0 | 0 | |a Malaysia. |p Hire Purchase Act 1967 |x Research |9 114883 |
| 650 | 0 | |a Sales, Conditional |z Malaysia |9 35369 | |
| 655 | 0 | 7 | |a Theses, IIUM local |
| 690 | 0 | |a Dissertations, Academic |x Kulliyyah of Laws |z IIUM | |
| 710 | 2 | |a International Islamic University Malaysia. |b Kulliyyah of Laws |9 38108 | |
| 730 | 0 | |a Rights of hirer under the Hire Purchase Act, 1967 (Electronic resource) |9 114884 | |
| 856 | 4 | |u http://studentrepo.iium.edu.my/handle/123456789/1820 |z Click here to view 1st 24 pages of the thesis. Members can view fulltext at the specified PCs in the library. | |
| 900 | |a rtr-sa-naw | ||
| 942 | |2 lcc |n 0 | ||
| 999 | |c 431555 |d 463046 | ||
| 952 | |0 0 |6 T KPG000905 A291967A995R 2000 |7 0 |8 THESES |9 751436 |a IIUM |b IIUM |c MULTIMEDIA |g 0.00 |o t KPG905A291967A995R 2000 |p 00000642770 |r 2017-10-20 |t 1 |v 0.00 |y THESIS | ||
| 952 | |0 0 |6 LU T KPG905A291967A995R 2000 |7 0 |8 THESES |9 751437 |a IIUM |b IIUM |c CLOSEACCES |g 0.00 |o lu t KPG905A291967A995R 2000 |p 00011279472 |r 2017-11-01 |t 1 |v 0.00 |y THESIS | ||
| 952 | |0 0 |6 TS CDF KPG905A291967A995R 2000 |7 0 |8 THESES |9 805709 |a IIUM |b IIUM |c MULTIMEDIA |g 0.00 |o ts cdf KPG905A291967A995R 2000 |p 00001017908 |r 2017-10-26 |t 1 |v 0.00 |y THESISDIG | ||
